| 000 | 00621nam a22001817a 4500 | ||
|---|---|---|---|
| 005 | 20231124143845.0 | ||
| 008 | 231124b |||||||| |||| 00| 0 eng d | ||
| 020 | _a9789991642116 | ||
| 041 | _aEnglish | ||
| 082 | _a340.5 HIN | ||
| 100 | _lEnglish | ||
| 245 |
_aCustomary Law Ascertained : _bThe Customary Law of the Bakgalagari, Batswana and Damara Communities of Namibia / _cedited by MO Hinz |
||
| 250 | _aFirst Edition | ||
| 260 |
_aWindhoek : _bUniversity of Namibia Press, _c2013 |
||
| 300 |
_bxiii, 505 pages ; _c25 cm. |
||
| 650 |
_aLegal practice _bLaw |
||
| 942 |
_cBK _6ALISON_BN_VRIES |
||
| 999 |
_c953 _d953 |
||